Gigi D'Agostino - L'Amour Toujours (Lyrics) - Statistics

General Stats
  • This quiz has been taken 44 times
  • The average score is 179 of 254
Answer Stats
Lyrics % Correct
I
100%
I,
100%
you
100%
You
100%
in
97%
still
97%
your
97%
be
94%
believe
94%
eyes
94%
I'll
82%
with
82%
fly
79%
just
79%
Baby,
76%
baby
76%
baby,
76%
don't
76%
Don't
76%
life
76%
side
76%
care
73%
what
73%
and
67%
And
67%
by
67%
done
67%
always
64%
to
61%
day
55%
Every
55%
every
55%
my
55%
night
55%
you've
55%
away
52%
is
48%
no
48%
Oh
48%
come
45%
here
45%
There
45%
waiting
45%
are
42%
choice,
42%
dream
42%
love
42%
me
42%
Because
39%
that
39%
long,
36%
please
36%
we'll
36%
Well,
36%
alright
33%
belong
33%
leave
33%
someday
33%
too
33%
live
27%
You'll
27%
gonna
21%
everything's
18%
said
18%
No matching quizzes found
Score Distribution
Percent of People with Each Score
Percentile by Number Answered
Your Score History
You have not taken this quiz